Recovering Stolen Assets : (Record no. 619812)

MARC details
000 -LEADER
fixed length control field 00499nam a2200193 a 4500
008 - FIXED-LENGTH DATA ELEMENTS--GENERAL INFORMATION
fixed length control field 260424s2008##################000#0#eng##
020 ## - INTERNATIONAL STANDARD BOOK NUMBER
ISBN 9783039115839
082 04 - DEWEY DECIMAL CLASSIFICATION NUMBER
Classification number 345.0773
Item number PIE
100 1# - MAIN ENTRY--AUTHOR NAME
Personal name Pieth, Mark,
245 10 - TITLE STATEMENT
Title Recovering Stolen Assets :
260 ## - PUBLICATION, DISTRIBUTION, ETC. (IMPRINT)
Name of publisher Peter Lang,
Year of publication 2008.
300 ## - PHYSICAL DESCRIPTION
Number of Pages 428 pages
650 #0 - SUBJECT ADDED ENTRY--TOPICAL TERM
Topical Term Business & Economics.
942 ## - ADDED ENTRY ELEMENTS (KOHA)
Koha item type English Books
Holdings
Withdrawn status Lost status Damaged status Not for loan Home library Current library Date acquired Full call number Accession Number Price effective from Koha item type
        Anna Centenary Library Anna Centenary Library 24.04.2026 345.0773 PIE 217765 24.04.2026 English Books

Find us on the map